000 00494nam a22001577a 4500
003 OSt
005 20151030103943.0
008 151030b xxu||||| |||| 00| 0 eng d
040 _cRUA
082 _aFOR ជួប​ 1989 B115 Or.1
100 _93062
_aជួប ប៉ារីស៍
245 _aសុវឌ្ឍិកម្មរោងចក្រអារឈើខេត្ត កំពង់ធំ
260 _aPhnom Penh
_bRUA
_c1989
300 _a133p.
_bill.
_c29cm.
942 _2ddc
_cFOR
999 _c2854
_d2854